000 00500 a2200145 4500
001 ART_8758
005 20260410161845.0
008 260409a
245 1 0 _aLos programas de ayuda de las agencias multilaterales para los asentamientos humanos en la América Latina
100 1 _aHardoy, Jorge E.
700 1 _aDonelson, Stuart
700 1 _aSchkolnik, Susana
700 1 _aHardoy, Ana M.
773 0 _tEl trimestre económico
_g- Vol. XLVI, Nº 183 (jul./set. 1979)
_wREV6933
999 _c24422
_d24422